000 01297nam a2200205 a 4500
001 ASIN1741796822
005 20170105102923.0
008 131209s2011 xxu eng d
020 _a1741796822 (paperback)
_c$29.99
020 _a9781741796827 (paperback)
040 _a0
100 1 _aDunford, Lisa.
245 1 0 _aLonely planet central europe /
_cLisa Dunford.
250 _a9th ed.
260 _a[S.l.] :
_bLonely Planet,
_c2011.
300 _a640 p. ;
_c20 cm.
520 _a“Like a sharp-eyed great uncle, Central Europe tells a gripping story – one of east meets west, imperial grandeur, menacing fortresses and forest-cloaked peaks…it’s a tale you’ll never forget.” – Mark Baker, Lonely Planet Writer Our Promise You can trust our travel information because Lonely Planet authors visit the places we write about, each and every edition. We never accept freebies for positive coverage, and you can rely on us to tell it like we see it. Inside This Book… 8 passionate authors 105 maps 348 days of vibrant festivals 841km of the mighty Danube Inspirational photos Comprehensive planning tools In-depth background Easy-to-read layout Clear, easy-to-use maps At-a-glance
856 _3Amazon.com
_uhttp://www.amazon.com/exec/obidos/ASIN/1741796822/
942 _2ddc
_cBK
999 _c15687
_d15687